Played in premier league and Dutch - Statistics

General Stats
  • This quiz has been taken 27 times
  • The average score is 9 of 17
Answers on the Grid
Answers color-coded by a green-red scale on the quiz's grid according to % correct below.
J.Timber
Q.Timber
Gravenberch
Frimpong
Klaassen
Reijnders
Koopmeiners
Cillessen
D.Blind
Danjuma
Van den belt
Van de Beek
F.de jong
L.de jong
Rijkaard
J.Cruijff
R.Koeman
Van der sar
Seedorf
Stam
F.de boer
Davids
Van Basten
Bergkamp
Van persie
T.Noslin
Overmars
Babel
Kuijt
Verhoek
 
Answer Stats
Answer % Correct
Gravenberch
78%
J.Timber
78%
Van de Beek
67%
Van persie
67%
Bergkamp
61%
D.Blind
61%
Kuijt
61%
Van der sar
61%
Klaassen
56%
Stam
56%
Babel
50%
Overmars
44%
Danjuma
33%
Frimpong
33%
Reijnders
22%
Davids
17%
L.de jong
17%
No matching quizzes found
Score Distribution
Percent of People with Each Score
Percentile by Number Answered
Your Score History
You have not taken this quiz